Torschützenliste der Premier League - Statistiken

Allgemein
  • Dieses Quiz wurde 185 mal gespielt
    140 seit der letzten Aktualisierung
  • Das Durchschnittsergebnis liegt bei 10 aus 15
Antwortstatistiken
Tore Nationalität Tore für Verein(e) Spieler % Korrekt
207 Ägypten FC Chelsea 2, FC Liverpool 182 Mohamed Salah
96%
213 England Tottenham Hotspurs 208 Harry Kane
95%
184 Argentinien Manchester City 184 Sergio Agüero
94%
175 Frankreich FC Arsenal 175 Thierry Henry
94%
143 England Leicester City 143 Jamie Vardy
93%
208 England FC Everton 25, Manchester United 183 Wayne Rooney
93%
260 England Blackburn Rovers 112, Newcastle United 148 Alan Shearer
89%
144 Niederlande FC Arsenal 96, Manchester United 48 Robin van Persie
88%
177 England West Ham United 24, FC Chelsea 147, Manchester City 6 Frank Lampard
62%
150 England FC Liverpool 118, Newcastle United 26, Manchester United 5, Stoke City 1 Michael Owen
53%
187 England Newcastle United 43, Manchester United 93, Blackburn Rovers 27, FC Fulham 12, Manchester City 9, FC Portsmouth 3 Andy Cole
34%
163 England West Ham United 18, Tottenham Hotspurs 91, FC Portsmouth 15, AFC Sunderland 34, AFC Bournemouth 4 Jermain Defoe
27%
162 England FC Liverpool 128, Leeds United 14, Manchester City 20 Robbie Fowler
17%
146 England Nottingham Forest 1,Tottenham Hotspurs 97, Manchester United 31, FC Portsmouth 9, West Ham United 8 Teddy Sheringham
17%
149 England Queens Park Rangers 60, Newcastle United 41, Tottenham Hotspurs 33, West Ham United 2, Leicester City 12, Bolton Wanderers 1 Les Ferdinand
5%
Keine übereinstimmenden Quizze gefunden
Verteilung der Resultate
Anzahl Personen mit jedem Resultat
Perzentil nach korrekt beantworteten Fragen
Ihre Resultats-Entwicklung
Sie haben dieses Quiz seit der letzten Aktualisierung nicht gespielt